[Event "Oberliga NRW 9900 II"]
[Site "Germany"]
[Date "2000.01.19"]
[Round "4.8"]
[White "Kalnik, Heinrich"]
[Black "Schlawin, Marlon"]
[Result "1/2-1/2"]
[WhiteElo "1934"]
[BlackElo "1862"]
[PlyCount "70"]
[EventDate "1999.10.26"]
[EventType "team"]
[EventRounds "9"]
[EventCountry "GER"]
[SourceTitle "EXT 2001"]
[Source "ChessBase"]
[SourceDate "2000.11.22"]
[SourceVersion "1"]
[SourceVersionDate "2000.11.22"]
[SourceQuality "1"]
[WhiteTeam "Letmathe"]
[BlackTeam "Bochum II"]
[WhiteTeamCountry "GER"]
[BlackTeamCountry "GER"]

1. e4 Nf6 2. e5 Nd5 3. Nc3 Nxc3 4. bxc3 d6 5. f4 dxe5 6. fxe5 c5 7. Nf3 Nc6 8. d4 Bg4 9. Bb5 cxd4 10. Bxc6+ bxc6 11. cxd4 e6 12. 0-0 Be7 13. Be3 c5 14. Qe2 0-0 15. Rad1 Qa5 16. h3 Bxf3 17. Qxf3 cxd4 18. Rxd4 Qxe5 19. Rc4 Qa5 20. Qg3 Rfc8 21. Bd4 Qg5 22. Qf3 Bf6 23. Bxf6 Qxf6 24. Rf4 Qc3 25. Qb7 f6 26. Rg4 Qc7 27. Qxc7 Rxc7 28. Rxf6 Rxc2 29. Rxe6 Rxa2 30. Re7 g6 31. Rh4 h5 32. Rd4 Rf8 33. Rdd7 Rff2 34. Rd8+ Rf8 35. Rdd7 Rff2 1/2-1/2